| 000 -LEADER |
| fixed length control field |
00557nam a2200169 a 4500 |
| 001 - CONTROL NUMBER |
| control field |
:::00018330$&:&@@ |
| 003 - CONTROL NUMBER IDENTIFIER |
| control field |
OkBaRHE |
| 005 - DATE AND TIME OF LATEST TRANSACTION |
| control field |
20001020114806.0 |
| 008 - FIXED-LENGTH DATA ELEMENTS--GENERAL INFORMATION |
| fixed length control field |
s1951 j 000 0 eng u |
| 040 ## - CATALOGING SOURCE |
| Transcribing agency |
|
| 100 1# - MAIN ENTRY--PERSONAL NAME |
| Personal name |
CLiffe, Albert E. |
| 245 10 - TITLE STATEMENT |
| Title |
Let go and let God. |
| 260 ## - PUBLICATION, DISTRIBUTION, ETC. (IMPRINT) |
| Place of publication, distribution, etc |
Carmel, New York |
| Name of publisher, distributor, etc |
Guideposts Associates, Inc. |
| Date of publication, distribution, etc |
1951 |
| 700 ## - ADDED ENTRY--PERSONAL NAME |
| Personal name |
Neal, Emily Gardiner |
| 942 ## - ADDED ENTRY ELEMENTS (KOHA) |
| Source of classification or shelving scheme |
|
| Koha item type |
Books |